LEADER 00975nam a2200253 i 4500 001 000000149726 003 CaOOAMICUS 005 20060512000000.0 008 060512s1976 it u000 u ita u 013 $a127056 040 $aSeMil$bita 100 1 $aTret'jakov, Sergej.$0(OLS)http://semarc/name/59119 245 10$aGiovane in Cina :$bTeng Shih-hua /$cSergej Tret'jakov ; traduzione di Vera Dridso. 260 $aTorino :$bEinaudi,$ccopyr. 1976. 300 $a469 p. , [1] c. di tav. ;$c22 cm. 500 $aFondo Ciprandi. 650 4$aTeng, Shih-hua.$0(OLS)http://semarc/subject/29270 700 1 $aDridso, Vera.$0(OLS)http://semarc/name/42648 850 $aSeMil 852 $aSeMil$W1$xVenegono$y1$m1V V 122$j101927$B101927$CSeMilBibl$Z2$F111063 $81 941 1 $a1 961 $aOmaggio: Ciprandi dott. Paolo 996 $6245$aGiovane in Cina :$bTeng Shih-hua$9(OLS)http://semarc/title/218885 996 $6260$aTorino :$bEinaudi$9(OLS)http://semarc/publisher/29884 LEADER 01448nam a2200265 i 4500 001 000000112063 003 CaOOAMICUS 005 20230316113659.0 008 030206s2002 it u000 u ita u 020 $a88-02-05917-9 040 $aSeMil$bita 245 00$a2: De l'infinito, universo e mondi ; Spaccio de la bestia trionfante ; Cabala del cavallo pegaseo, De gli eroici furori. Appendici /$cappendici di Lars Berggren, Donato Mansueto, Zaira Sorrenti. 264 1$aTorino :$bUnione Tipografico-Editrice Torinese,$c2002. 300 $a904 p., [25] c. di tav. 700 1 $aMansueto, Donato.$0(OLS)http://semarc/name/46955 700 1 $aBerggren, Lars.$0(OLS)http://semarc/name/46954 700 1 $aSorrenti, Zaira.$0(OLS)http://semarc/name/46956 773 0 $aBruno, Giordano <1548-1600>$tOpere italiane.$dTorino : Unione Tipografico-Editrice Torinese, 2002.$kClassici Italiani $gVolume2$w()8527 850 $aSeMil 852 $aSeMil$W1$xVenegono$y1$m1G I 23$j238566$B67852$CSeMilBibl$Z2$F73958 $81 961 $aSottoscrizione: UTET (Agente) 996 $6020$a88-02-05917-9$9(OLS)http://semarc/number/94508 996 $6245$a2: De l'infinito, universo e mondi ; Spaccio de la bestia trionfante ; Cabala del cavallo pegaseo, De gli eroici furori. Appendici$9(OLS)http://semarc/title/163299 996 $6264$aTorino :$bUnione Tipografico-Editrice Torinese$9(OLS)http://semarc/publisher/29628